00864nam a2200241 a 45000010005000000030003000050050017000080200035000250200032000600400024000920820015001161000021001312450078001522600035002303000038002655000032003035050006003355200150003415210018004915210018005097000049005277000046005761917Uk20250409155222.0 a9780744570243 (pbk.) :c£4.99 a0744570247 (pbk.) :c£4.99 aUkCUbengcUkCUdUk04a823.922221 aMcDonald, Megan.10aJudy Moody gets famous! /cMegan McDonald; illustrated by Peter Reynolds. aLondon :bWalker Books,c2005. a291 pages :billustrator ;c19 cm aOriginally published: 2001. aK aWhen a third grade classmate gets her picture in the paper for winning a spelling bee, Judy is determined to find a way to become famous herself. a560 bLexile aK bRaz-Plus1 aReynolds, Peter H.q(Peter Hamilton),d1961-12aMcDonald, Megan.tJudy Moody gets famous.